Readings in cross-cultural methodology.
Saved in:
| Main Author: | |
|---|---|
| Format: | Book |
| Language: | English |
| Published: |
New Haven,
HRAF Press
[1966, c1961]
|
| Subjects: | |
| Tags: |
Add Tag
No Tags, Be the first to tag this record!
|
| LEADER | 02067cam a22002771 4500 | ||
|---|---|---|---|
| 001 | 006068340-6 | ||
| 005 | 20020606163548.3 | ||
| 008 | 740625c19661961ctua b 000 0aeng | ||
| 010 | |a 66028127 //r82 | ||
| 035 | 0 | |a ocm00490526 | |
| 040 | |a DLC |c DLC |d HLS | ||
| 050 | 0 | |a GN405 |b .M65 1966 | |
| 082 | |a 301.2 | ||
| 100 | 1 | |a Moore, Frank W., |e ed. | |
| 245 | 1 | 0 | |a Readings in cross-cultural methodology. |c Frank W. Moore: editor. |
| 246 | 3 | |a Cross-cultural methodology. | |
| 260 | |a New Haven, |b HRAF Press |c [1966, c1961] | ||
| 300 | |a 338 p. |b illus. |c 21 cm. | ||
| 504 | |a Includes bibliographies. | ||
| 505 | 0 | |a On a method of investigating the development of institutions / Edward B. Taylor -- The material culture and social institutions of the simpler peoples / L.T. Hobhouse, G.C. Wheeler and M. Ginsberg -- The cross-cultural survey / George Peter Murdock -- Comparisons in cultural anthropology / Oscar Lewis -- Universal categories of culture / Clyde Kluckhohn -- Social anthropology and the method of controlled comparison / Fred Eggan -- Society, culture, and the human organism / C.S. Ford -- New ways of presenting an old idea : the statistical method in social anthropology / André J. Köbben -- World ethnographic sample / George Peter Murdock -- Two solutions to Galton's problem / Raoul Naroll -- A sample comparative analysis of material culture / Clellan S. Ford -- The processing of anthropological materials / George P. Murdock -- Cross-cultural documentation / Frank W. Moore -- The cross-cultural method / John W.M. Whiting -- Problems and procedures / Stanley H. Udy, Jr. -- Introduction to statistics for comparative research / Harold E. Driver. | |
| 650 | 0 | |a Cross-cultural studies. | |
| 650 | 0 | |a Ethnology |x Methodology. | |
| 776 | 0 | 8 | |i Online version: |a Moore, Frank W. |t Readings in cross-cultural methodology. |d New Haven, HRAF Press [1966, ©1961] |w (OCoLC)577012172 |
| 776 | 0 | 8 | |i Online version: |a Moore, Frank W. |t Readings in cross-cultural methodology. |d New Haven, HRAF Press [1966, ©1961] |w (OCoLC)609096093 |
| 988 | |a 20020608 | ||
| 906 | |0 DLC | ||


